03065nam a2200481 a 450000500170000000800410001702000180005804100080007609200170008410000320010124500740013325000110020726000620021830000110028050001360029165300740042765300500050165300740055165301100062565300790073565301710081465301170098565300440110265301030114665300450124965300720129465301210136665300980148765300480158565300330163365300400166665300980170665300720180465300660187665300660194265300590200865300940206765301640216170000340232594200120235999900150237195201970238620240412120415.0100913t2012||||sp f |||| 001 0 spa d a9788447038923 aspa c174l10sCAS1 aCasado, MariaeCoord.93052 aCuestiones de bioética en y desde Latinoamérica / cMaria Casado a1a ed. aNavarra [España]: bAranzadi ; Civitas ; UNESCO;c2012. a469 p. aCasado, M. y Luna, F. (2015). Cuestiones de bioética en y desde Latinoamérica. (4a ed.). España : Aranzadi : Civitas; UNESCO. aLey, religión y bioética: cuestiones álgidas en latinoamérica aBioética, laicidad y deliberacion pública aBioética en contextos de violencia extrema: vivir y morir en Juarez aPensar la salud en Latinoamerica: pobreza, desigualdad, justicia y los determinantes sociales de la salud aDesarrollo de la bioética en latinoamerica. Una visión desde Argentina aTeoría a la práctica: disonancias entre la formación bioética y la práctica de la atención de la salud en latinoamérica. Una perspectiva desde Argentina aObjeción de conciencia y aborto: derechos y deberes de los médicos respecto de la salud pública en Brasil  aBioética y aborto en América Latina aAlgunas consideraciones éticas en la práctica de la reproducción asistida en latinoamérica aO direito de vir-a-ser depois de nascido aProblemas bioéticos en infancia y adolescencia en latinoamérica aAspectos éticos del uso de tecnologías genéticas para la salud y la identificación humana en latinoamérica aGénero y bioética: el impacto de los trastornos genéticos en las familias y las mujeres aTrasplantes de órganos en latinoamérica aEnvelhecimiento e bioética aSalud pública en América latina aDerecho de acceso a los medicamentos: su reconocimiento y las barreras puestas a su ejercicio aEtica em pesquisa envolvendo seres humanos: um modelo sul-americano aInvestigación transnacional: contexto y horizontes éticos aEtica e investigación social. Desafios para latinoamérica aEtica de la investigación en poblaciones originarias aViolencia familiar y sexual: desafios actuales para la investigación en latinoamérica aCuestión de los animales en latinoamérica. especial referencia a los animales utilizados en la investigación científica y otras aplicaciones técnicas1 aLuna, FlorenciaeCoord.91300 2ddccBK c2247d2247 00102ddc4070aBFMbBFMcCRd2016-03-17eDonación Macias, Alejandra. Marzo 2016l2o174 10 CASp3645r2024-08-30s2024-08-23tEj.1w2016-03-17yBKzDonación Macias, Alejandra. Marzo 2016